Fundamentals of organometallic catalysis /

Guardado en:
Detalles Bibliográficos
Autor principal: Steinborn, Dirk
Formato: Libro
Lenguaje:inglés
alemán
Publicado: Weinheim Wiley-VCH 2012.
Materias:
Acceso en línea:Ver en el OPAC
Etiquetas: Agregar Etiqueta
Sin Etiquetas, Sea el primero en etiquetar este registro!

MARC

LEADER 00000cam a22000005a 4500
005 20260127134133.0
008 120913s2012 gw a b 001 0 eng
010 |a 2012-360631 
020 |a 9783527327164 (cased) 
020 |a 3527327169 (cased) 
020 |a 9783527327171 (pbk.) 
020 |a 3527327177 (pbk.) 
035 |a vtls010449741 
039 9 |y 201209130918  |z mschk03 
040 |a DLC  |c DLC  |d STUSCHK1 
041 1 |a eng  |h ger 
042 |a pcc 
100 1 |a Steinborn, Dirk. 
245 1 0 |a Fundamentals of organometallic catalysis /  |c Dirk Steinborn ; translated by Alexander Harmsen. 
260 |a Weinheim  |b Wiley-VCH  |c 2012. 
300 |a xvii, 456 p.  |b ill.  |c 24 cm. 
500 |a Translated from the German. 
504 |a Includes bibliographical references and index. 
546 |a Translated from the German. 
650 0 |a Catalysis  |v Textbooks. 
650 0 |a Organometallic chemistry  |v Textbooks. 
906 |a 0  |b ibc  |c origres  |d 2  |e ncip  |f 20  |g y-gencatlg 
910 |a SCHK95 
919 |a 978-3-527-32716-4 
925 0 |a acquire  |b 2 shelf copies  |x policy default 
999 |c 4909  |d 4909